Nucli 8. Software educatiu. Manual d'ús i guia pedagògica

Gespeichert in:
Bibliographische Detailangaben
1. Verfasser: Cassadó Regada, Antoni Pérez Urroz, Pedro Jose Zaragoza Raduà, Josep Mª
Format: keine Angabe
Sprache:Spanisch
Katalanisch
Erschienen: Sant Adrià de Besòs. Barcelona Bruño 1991
Katalog:MANES:  Suchergebnis im Bibliothekskatalog
Schulbuchspezifische Eigenschaften:
Tags: Tag hinzufügen
Keine Tags, Fügen Sie den ersten Tag hinzu!
Hinzugefügt zu:26.04.2016

MARC

LEADER 000000000a22000000004500
001 02658
003 OSt
008 160427s sp ||||| |||| 00| 0 spa d
040 |c centro_manes 
041 1 |a cat 
691 7 |a PRI 
100 1 |a Cassadó Regada, Antoni  |9 339  |a Pérez Urroz, Pedro Jose  |9 340  |a Zaragoza Raduà, Josep Mª  |9 341 
245 0 0 |a Nucli 8. Software educatiu. Manual d'ús i guia pedagògica 
260 3 |a Sant Adrià de Besòs. Barcelona  |b Bruño  |c 1991 
300 |a 71 p.  |c 26x19 cm 
500 |a Fecha de publicación tomada del Depósito Legal 
690 7 |a PED 
942 |2 ddc  |c BK 
546 |a España 
999 |c 8632  |d 8632 
999 |c manes:8632  |d 8632